[Event "11th Arad Open 2018"]
[Site "Arad"]
[Date "2018.08.06"]
[Round "2"]
[White "Secheres, Adrian-Simion"]
[Black "Samu, Sorin-Mihai"]
[Result "1-0"]
[WhiteElo "2407"]
[BlackElo "2090"]
[Annotator "TA"]
[PlyCount "93"]
[EventDate "2018.08.05"]
[EventType "swiss"]
[EventCountry "ROU"]
[SourceTitle "playchess.com"]
[Source "ChessBase"]
[SourceQuality "1"]

{[%evp 12,93,60,17,62,66,66,56,51,46,54,55,87,62,79,44,105,96,132,124,131,84,92,84,76,76,89,81,85,83,102,96,97,85,122,123,112,118,111,106,210,189,186,106,131,129,121,127,124,43,44,21,28,24,28,0,44,0,0,0,0,0,0,0,0,0,0,0,1205,0,418,419,387,395,356,356,326,259,1122,1155,29980,29981,29981,1581]} 1. d4 g6 2. c4 Bg7 3. e4 d6 4. Nc3 c6 5. Be3 Nd7 6. Qd2 a6 {A42: Modern Defence: Averbakh Variation} 7. a4 {LiveBook: 4 Games} (7. O-O-O Qa5 8. Kb1 b5 9. h4 Ngf6 10. f3 bxc4 11. Bxc4 Nb6 12. Bb3 Be6 13. d5 cxd5 14. Nxd5 Qxd2 15. Rxd2 Nbxd5 16. exd5 {0-1 (41) Carow,J (2431)-Shchekachev,A (2531) Berlin 2015}) 7... e6 8. Bd3 Ngf6 $146 {White is slightly better.} ({Predecessor:} 8... Ndf6 9. f3 Qc7 10. Nge2 h5 11. a5 Ne7 12. Na4 Nd7 13. O-O b5 14. Nac3 {0-1 (39) Lopez,W-Said,M (2220) Elista 1998}) 9. f3 O-O 10. Nge2 e5 11. O-O Qe7 12. Rad1 Re8 13. b3 {[%cal Bb2b3,Bb3b4][%mdl 32]} Nf8 (13... exd4 $14 14. Bxd4 (14. Nxd4 d5 $14) 14... Ne5) 14. Bc2 Bd7 15. a5 Rac8 16. b4 Ne6 17. dxe5 dxe5 18. Na4 Bf8 19. Nc5 {[%cal Rc5d7]} Rc7 20. Qc3 Nxc5 21. Bxc5 (21. bxc5 $6 Be6 $11) 21... Qe6 22. Bxf8 Kxf8 23. c5 $1 Bc8 24. Rd6 Qe7 25. f4 {And now fxe5 would win.} Ng8 (25... Kg8 $16 26. fxe5 Nh5) 26. f5 {Strongly threatening f6.} Qg5 27. Qf3 (27. Rf3 $18) 27... Nh6 28. h3 Rd7 29. Rxd7 Bxd7 {[#]} 30. Rd1 ({White should play} 30. Qd3 $1 $16 {[%cal Rd3d7]} Bc8 31. Qd6+ Kg8 32. Rf3) 30... Bc8 $14 {[%cal Rg6f5]} 31. g4 Ng8 32. Kh2 Nf6 33. Rd6 Kg7 34. Qg3 h5 35. gxh5 $1 Qxh5 36. Ng1 Qh6 37. Nf3 Qc1 38. Bd3 Qb2+ 39. Kh1 {Threatens to win with Qg5.} ({Wrong is} 39. Qg2 $2 Qxg2+ 40. Kxg2 gxf5 $19) 39... Nh5 $2 {[%mdl 8192] [#]} (39... Qc1+ $11 40. Kh2 Qb2+ 41. Kh1 (41. Qg2 $2 Qxg2+ 42. Kxg2 gxf5 $19) 41... Qc1+ 42. Kh2) 40. Qg5 $2 (40. Rxg6+ $1 $18 {[%mdl 512]} fxg6 41. Qxg6+ Kf8 42. Qh6+ Kg8 43. Bc4+ Be6 44. Bxe6+ Rxe6 45. Qxe6+ Kf8 46. Qc8+ Ke7 47. Qxb7+ Kf8 48. Qc8+ Kg7 49. Qd7+ Kh8 50. Qe8+ Kg7 51. Qg6+ Kf8 52. Qxh5 Qa1+ 53. Ng1) 40... Qf2 $2 {[%mdl 8192] [#]} (40... Nf4 $1 $11 {and Black stays safe.}) 41. Rxg6+ $1 $18 {[%mdl 512]} fxg6 42. Qxg6+ Kf8 43. Qxh5 {Qh6+ would kill now.} Ke7 {Threatening ...Rg8.} 44. f6+ $40 {[%cal Bf5f6,Bf6f7][%mdl 160] Black is in trouble.} ({Weaker is} 44. Nxe5 Kd8 $14) 44... Kd8 $2 (44... Kxf6 45. Bc4 Re6 46. Qg5+ Kf7 47. Nxe5+ Ke8) 45. f7 Rf8 46. Qg5+ Kd7 47. Qf6 {Precision: White = 52%, Black = 46%.} (47. Nxe5+ $142 Kc7 48. Qe7+ Kb8 49. Qxf8 Qe1+ 50. Kg2 Qd2+ 51. Kf3 Qd1+ 52. Be2 Qh1+ 53. Ke3 Qxh3+ 54. Kd4) 1-0

[Event "11th Arad Open 2018"]
[Site "Arad"]
[Date "2018.08.06"]
[Round "2"]
[White "Abramovic, Bosko"]
[Black "Visanescu, Daria-Ioana"]
[Result "1-0"]
[WhiteElo "2400"]
[BlackElo "2075"]
[Annotator "TA"]
[PlyCount "61"]
[EventDate "2018.08.05"]
[EventType "swiss"]
[EventCountry "ROU"]
[SourceTitle "playchess.com"]
[Source "ChessBase"]
[SourceQuality "1"]

{[%evp 16,61,31,27,42,32,43,33,26,26,30,23,41,13,29,21,31,0,0,0,50,31,35,9,122,109,140,134,149,148,488,250,248,230,238,228,739,736,695,681,29992,29993,29994,29995,29995,29996,29996,29997]} 1. d4 d5 2. c4 e6 3. Nc3 Nf6 4. cxd5 exd5 5. Bg5 Be7 6. e3 O-O 7. Bd3 h6 8. Bh4 Be6 9. Nge2 {LiveBook: 11 Partien. D35: Damengambit (Abtauschvariante)} Nh5 (9... c5 10. dxc5 Bxc5 11. O-O Nc6 12. Nf4 Bd6 13. Bxf6 Qxf6 14. Ncxd5 Bxd5 15. Nxd5 Qxb2 16. Rb1 Qxa2 17. Rxb7 {1-0 (30) Sasikiran,K (2652)-Bacrot,E (2729) Corsica 2005}) 10. Bxe7 Qxe7 11. Qd2 $146 {Weiß steht etwas besser.} ({Vorgänger:} 11. Qc2 Nc6 12. a3 Qg5 13. Rg1 Qh4 14. h3 f5 15. g3 Qxh3 16. O-O-O Qg4 {1-0 (40) Belmeskin,I (2220)-Tikhomirov,A (2278) Krasnoyarsk 2015}) 11... Nd7 12. O-O c6 13. f3 Rad8 14. Rad1 Nb6 15. b3 Rfe8 16. e4 dxe4 $1 17. fxe4 Bg4 18. h3 Bxe2 19. Nxe2 {Droht stark e5.} Qh4 (19... c5 $11 {hält das Gleichgewicht.}) 20. Rf3 $16 c5 {[#]} 21. Rdf1 $1 {[%cal Bd1f1,Bf1f7,Bf7g7][%mdl 32]} ({Natürlich nicht} 21. dxc5 $6 Nd7 $11) 21... cxd4 22. Rxf7 Nf6 $2 {[%mdl 8192]} (22... Nd7 $16) 23. Rxb7 (23. Rf4 $142 Qh5 24. Rxb7) 23... Nxe4 $18 24. Bxe4 Qxe4 25. Rff7 $40 {[%mdl 128] Weiss geht auf den König.} ({Nicht} 25. Rxa7 d3 $15) 25... g5 $2 {[#]} (25... Rd7 26. Rfxd7 (26. Rbxd7 Nxd7 27. Rxd7 Qxe2 $16) 26... Nxd7 27. Rxd7 Qxe2 28. Qxd4 Re7) 26. Rg7+ Kh8 27. Ng3 Qe3+ 28. Qxe3 {Weiß setzt Matt.} dxe3 29. Rh7+ Kg8 30. Rbg7+ Kf8 31. Nf5 {Precision: Weiß = 69%, Schwarz = 24%.} 1-0

[Event "11th Arad Open 2018"]
[Site "Arad"]
[Date "2018.08.06"]
[Round "2"]
[White "Stoleriu, George"]
[Black "Bai, Adelard"]
[Result "1-0"]
[WhiteElo "2392"]
[BlackElo "2071"]
[Annotator "TA"]
[PlyCount "71"]
[EventDate "2018.08.05"]
[EventType "swiss"]
[EventCountry "ROU"]
[SourceTitle "playchess.com"]
[Source "ChessBase"]
[SourceQuality "1"]

{[%evp 21,71,8,14,0,14,-12,-9,-10,-4,-7,11,3,36,21,27,12,0,1,58,41,138,108,506,517,652,640,645,639,800,808,806,794,799,767,789,778,767,574,908,888,1057,1000,1071,1075,1809,1741,1713,1611,1784,1779,1654,1561]} 1. e4 e5 2. Nf3 Nc6 3. Bb5 a6 4. Ba4 Nf6 5. d3 d6 6. c3 g6 7. O-O Bg7 8. Re1 O-O 9. h3 b5 {C77: Ruy Lopez: 3...a6 4 Ba4 Nf6, unusual lines} (9... Re8 10. Be3 d5 11. Nbd2 h6 12. exd5 Nxd5 13. Bxc6 bxc6 14. Qa4 Bf5 15. Ne4 Rb8 16. Rab1 Nb6 17. Qc2 {½-½ (40) Zhao,J (2599)-Wang,H (2713) Hanoi 2018}) 10. Bb3 Na5 11. Bc2 c5 {LiveBook: 6 Games. The position is equal.} 12. Bg5 $146 ({Predecessor:} 12. d4 Qc7 13. d5 Nc4 14. b3 Nb6 {1-0 (53) Vratonjic,S (2453)-Nestorovic,N (2424) Zlatibor 2007}) 12... h6 13. Bxf6 Qxf6 14. Nbd2 {[%cal Bb1d2,Bd2f1,Bf1e3,Be3d5][%mdl 32]} Qd8 15. Nf1 f5 16. Ne3 f4 17. Nd5 g5 18. Nh2 Be6 19. a4 Rf7 (19... b4 $11) 20. Qh5 {Threatens to win with Qg6.} Rb7 {[#]} (20... Rf8 $14) 21. Ng4 $1 $16 {[%cal Rg4h6]} ({Much weaker is} 21. Qg6 $6 Bf7 $11) 21... Kh7 $2 {[%mdl 8192] [#]} (21... Bxg4 $16 22. Qxg4 (22. hxg4 b4 $14) 22... bxa4) 22. Ndf6+ $1 $18 {[%mdl 512] White is clearly winning.} Qxf6 (22... Bxf6 23. Qxh6+) 23. Nxf6+ Bxf6 24. axb5 Rxb5 25. Ba4 Rbb8 {[#]} 26. Bd7 $1 {[%mdl 512]} Bxd7 27. Qf7+ Bg7 28. Qxd7 Nb3 29. Ra2 Rb6 30. Qc7 Rab8 {[#]} 31. Rxa6 $1 {[%mdl 512]} Rxa6 32. Qxb8 Na5 33. Qb5 Ra7 34. Ra1 Nc6 35. Rxa7 Nxa7 36. Qb7 {Precision: White = 73%, Black = 23%.} 1-0

[Event "11th Arad Open 2018"]
[Site "Arad"]
[Date "2018.08.06"]
[Round "2"]
[White "Bogdan, Dan"]
[Black "Craciun, Alexandru-Emilian"]
[Result "1/2-1/2"]
[WhiteElo "2382"]
[BlackElo "2069"]
[Annotator "TA"]
[PlyCount "185"]
[EventDate "2018.08.05"]
[EventType "swiss"]
[EventCountry "ROU"]
[SourceTitle "playchess.com"]
[Source "ChessBase"]
[SourceQuality "1"]

{[%evp 11,185,0,30,12,11,14,8,0,27,24,20,0,0,0,4,1,14,0,25,-10,0,-6,0,0,0,-17,0,0,50,50,50,50,48,43,43,47,47,41,43,46,82,82,150,149,148,149,143,148,145,137,142,114,128,126,133,135,145,138,136,135,133,126,134,119,119,119,119,78,127,118,148,136,152,109,160,153,141,128,163,140,143,142,141,127,125,0,137,0,137,137,153,152,143,88,88,88,114,116,163,163,163,163,163,163,163,163,163,163,163,163,163,64,64,64,148,148,148,148,148,148,148,148,29975,29976,29976,29977,29975,29964,29965,29964,29965,29964,29965,29966,29966,163,163,163,163,163,163,148,148,148,148,148,148,148,29980,148,148,148,243,87,87,90,90,90,90,90,95,95,95,95,98,98,98,0,123,125,125,131,140,8,8,8]} 1. c4 Nf6 2. g3 c6 3. Nf3 d5 4. Bg2 Bf5 5. cxd5 cxd5 6. Qb3 Qd7 {LiveBook: 19 Games} 7. d4 {A11: English Opening: 1...c6} (7. O-O Nc6 8. d3 e6 9. Nc3 Bg4 10. Qa4 Be7 11. e4 d4 12. Ne2 e5 13. Bd2 O-O 14. a3 a6 {0-1 (29) Farkas,G (2366)-Tazbir,M (2519) Slovakia 2018}) 7... Nc6 8. Nc3 e6 9. O-O h6 10. Ne5 Qc8 $1 11. Qa4 $146 ({Predecessor:} 11. Be3 Be7 12. Rac1 O-O 13. Na4 Ne4 14. Qb5 Nd6 15. Nxc6 bxc6 16. Qxc6 {0-1 (48) Orshonova,A-Khungueva,O (2020) Irkutsk 2010}) 11... Be7 12. Bf4 O-O 13. Rac1 Qe8 (13... g5 $5 {[%cal Rg5f4]} 14. Bd2 Qb8 $11) 14. Nxc6 bxc6 15. Qa6 Qc8 16. Qxc8 Raxc8 17. Na4 Nd7 18. f3 Bf6 19. Rfd1 e5 20. dxe5 Nxe5 21. b3 Rfe8 {Threatening ...Ng6.} 22. Kf2 Nd7 23. Be3 Be7 24. Nc5 Nxc5 25. Bxc5 Bxc5+ 26. Rxc5 Re7 {[#]} (26... Bd7 $142) 27. e4 $1 $16 {[%cal Re4f5][%mdl 512]} Be6 (27... dxe4 28. Rxf5) 28. exd5 cxd5 29. Rxc8+ Bxc8 30. Rxd5 {[%mdl 4096] Endgame KRB-KRB} Rc7 {intending ...Rc2+.} 31. Rd2 g5 32. Bf1 Kg7 33. Bc4 Rc6 34. Ke3 Kf6 35. Rd4 Be6 36. Bd3 a5 37. h4 Rc1 38. hxg5+ hxg5 39. f4 Rc5 40. Bc4 gxf4+ 41. gxf4 Rc6 42. Bd3 Rc5 (42... Rc3 $142 43. Kd2 Rc8) 43. Rd6 Ke7 44. Ra6 Kd7 45. Be4 Kc7 46. Kd4 Rb5 47. Rc6+ Kd7 48. Ra6 Kc7 $1 49. Ke3 Rc5 50. Ra7+ Kd6 51. Kd4 Rb5 52. Bd3 (52. Rb7 $142 Rxb7 53. Bxb7) 52... Rd5+ 53. Ke3 Rc5 54. Rb7 Rh5 55. Rb6+ $1 Kc7 56. Rb5 Rxb5 57. Bxb5 $18 {And now Bc4 would win. KB-KB} f6 58. Bc4 Bf5 59. Kd4 Kd6 60. a3 Kc6 61. b4 (61. Bd5+ $18 Kb5 62. Bf7) 61... axb4 $14 62. axb4 {[%cal Ba3b4,Bb4b5][%mdl 32]} Bd7 ({Better is} 62... Bg6 $14) 63. b5+ $16 Kb6 64. Kd5 $1 {[%cal Rd5d6]} Bc8 65. Bd3 {Threatens to win with Kd6.} Bd7 66. Kd6 Bc8 $2 {[%mdl 8192]} (66... Bg4 $16 67. Ke7 f5) 67. Ke7 f5 68. Kd6 Kb7 69. Kc5 Be6 70. Bc4 Bd7 71. Bd5+ Kc7 72. b6+ Kb8 73. Kd6 $2 (73. Ba2 Kb7 74. Bb3 Be8 75. Bd5+ Kb8 76. Be6 Bg6 77. Kc6 Be8+ 78. Kd6) 73... Ba4 $18 74. Ke5 Bc2 75. Kf6 Kc8 76. Be6+ Kb7 77. Bxf5 Ba4 78. Ke7 Kxb6 79. Be4 Bb3 $2 {[%mdl 8192]} (79... Kc5 $16 80. f5 Bb3) 80. f5 $2 (80. Kd6 $1 {mates} Kb5 81. f5 Bf7 82. Bc6+ Kc4 83. Ke7 Bg8 84. Kf8 Bh7 85. f6) 80... Kc5 $16 81. f6 Kd4 {[#]} 82. Bg6 $2 (82. f7 Bxf7 $11) (82. Bc2 $1 $18 {[%cal Rc2b3][%mdl 512]} Bc4 (82... Bxc2 83. f7) 83. Kd6 (83. f7 Bxf7 $11)) 82... Ke5 83. Bf7 (83. f7 $6 Bxf7 $11) 83... Bc2 84. Bc4 Bg6 85. Be2 (85. f7 $6 Bxf7 $11) 85... Be8 86. Bd1 {Strongly threatening Bg4.} (86. Kxe8 $6 Kxf6 $11) (86. f7 $6 Bxf7 $11) 86... Bg6 87. Bb3 ({Much worse is} 87. f7 $6 Bxf7 $11) 87... Bh5 {[#]} 88. Be6 $1 {[%cal Re6c4] Hoping for Bc4.} (88. f7 $6 Bxf7 $11) 88... Bg6 89. Bf7 ({Of course not} 89. f7 $6 Bxf7 $11) 89... Bc2 $1 90. Bh5 {aiming for f7.} Bb3 91. Bg6 ({Reject} 91. f7 $6 Bxf7 $11) 91... Bc4 92. f7 (92. Bf7 $16 Bd3 93. Bd5) 92... Bxf7 $1 $11 93. Kxf7 {Precision: White = 59%, Black = 55%.} 1/2-1/2

[Event "11th Arad Open 2018"]
[Site "Arad"]
[Date "2018.08.06"]
[Round "2"]
[White "Baratosi, Daniel"]
[Black "Solcanean, Serghei"]
[Result "1-0"]
[WhiteElo "2371"]
[BlackElo "2051"]
[Annotator "TA"]
[PlyCount "121"]
[EventDate "2018.08.05"]
[EventType "swiss"]
[EventCountry "ROU"]
[SourceTitle "playchess.com"]
[Source "ChessBase"]
[SourceQuality "1"]

{[%evp 10,120,20,24,36,33,32,30,45,41,46,10,26,9,17,16,45,36,36,37,41,37,36,40,37,20,31,26,27,27,27,26,20,14,12,8,27,27,36,32,60,19,28,15,39,31,70,31,47,18,23,21,20,18,12,0,0,-5,0,0,10,0,27,27,27,32,29,8,8,8,37,37,38,17,45,46,45,28,45,0,45,0,45,0,45,0,53,0,53,0,100,0,53,0,100,100,202,172,172,172,265,240,437,428,707,683,29985,29986,29991,29992,29998,29999,29999]} 1. e4 e5 2. Nf3 Nc6 3. Nc3 Nf6 4. a3 d6 5. d4 exd4 (5... Bg4 6. dxe5 dxe5 7. Qxd8+ Rxd8 8. Bb5 Bxf3 9. gxf3 Bd6 10. Bg5 O-O 11. Bxf6 gxf6 12. Nd5 Nd4 13. Bd3 Nxf3+ {½-½ (55) Safarli,E (2639)-Anton Guijarro,D (2666) Riadh 2017}) 6. Nxd4 {LiveBook: 23 Games. C47: Scotch Four Knights and Four Knights with 4 g3} Bd7 7. Bc4 Be7 8. f3 {White is slightly better.} a6 9. Be3 O-O 10. Qd2 Re8 $146 ({Predecessor:} 10... Rb8 11. O-O Qc8 12. Nce2 Ne5 13. Ba2 c5 14. Nf5 Bxf5 15. exf5 Qxf5 {1-0 (32) Bruchmann,N (2078)-Linker,W (2034) Germany 2015}) 11. O-O Nxd4 12. Qxd4 Bc6 13. Rad1 Nd7 14. Nd5 Bf6 15. Nxf6+ Qxf6 16. Qxf6 Nxf6 17. Bg5 Nd7 18. Rfe1 Kf8 19. Bf1 f6 20. Bf4 g5 21. Bc1 Ne5 22. b3 Rad8 23. Kf2 Kg7 24. Rd4 Bb5 25. c4 Bc6 26. Red1 Nf7 27. Bb2 Kf8 28. Bd3 Ke7 29. Bc2 h6 30. b4 b6 31. h4 Ne5 32. hxg5 hxg5 33. Bb3 Rh8 34. R4d2 Bb7 35. Bd4 Bc6 36. c5 dxc5 37. bxc5 b5 38. Bc3 Rxd2+ 39. Rxd2 Rd8 40. Rxd8 Kxd8 $14 {[%mdl 4096] Endgame KBB-KBN} 41. Bd5 Kd7 42. Ke3 a5 $1 43. g3 a4 44. Bb4 Ng6 45. Bc3 Ne5 $1 46. Bb4 Ng6 47. Kd4 Ne7 (47... Bxd5 $11 48. exd5 c6) 48. Be1 (48. Ba2 $14) 48... Ng6 (48... Bxd5 $11 49. exd5 c6) 49. Ke3 (49. Bf7 $14 Ne5 50. Bh5) 49... Ne7 (49... Bxd5 $11 50. exd5 c6) 50. Kd4 Ng6 51. Bc3 ({White should try} 51. Bf7 $14 Ne5 52. Bh5) 51... Ne7 (51... Bxd5 $11 {remains equal.} 52. exd5 c6) 52. Bf7 $16 f5 (52... Bb7 $16) 53. g4 fxe4 54. fxe4 {[%cal Bf3e4,Be4e5,Be5e6,Be6f7][%mdl 32]} Bb7 {[#]} (54... Kd8 $142 55. Bd2 Be8) 55. Ke5 $1 $18 Nc6+ $2 (55... Kd8 56. Bd2 Nc6+ 57. Kf6 Ne7) 56. Kf6 Nd8 (56... Ne7 $142 57. Be6+ (57. Kxg5 Bxe4 58. Bd2 Bf3 $14) 57... Ke8) 57. e5 Nxf7 58. e6+ {White mates.} Ke8 59. exf7+ Kf8 60. c6 Bxc6 61. Bb4# {Precision: White = 45%, Black = 30%.} 1-0

[Event "11th Arad Open 2018"]
[Site "Arad"]
[Date "2018.08.06"]
[Round "2"]
[White "Abramciuc, Marius"]
[Black "Kristofori, Attila"]
[Result "1-0"]
[WhiteElo "2357"]
[BlackElo "2041"]
[Annotator "TA"]
[PlyCount "55"]
[EventDate "2018.08.05"]
[EventType "swiss"]
[EventCountry "ROU"]
[SourceTitle "playchess.com"]
[Source "ChessBase"]
[SourceQuality "1"]

{[%evp 16,55,2,8,14,17,29,0,37,-83,-95,-93,-61,-93,-71,-72,-88,-83,0,0,35,49,38,76,52,30,282,261,267,206,356,184,633,612,1907,1837,1741,1719,2468,2273,2154,1949]} 1. e4 c6 2. d4 d5 3. e5 Bf5 4. Nf3 e6 5. Be2 c5 6. c3 Nc6 7. Nbd2 {B12: Caro-Kann (Vorstoß-Variante)} (7. O-O cxd4 8. Nxd4 Nge7 9. Qb3 Qd7 10. f4 Bg6 11. Be3 Nf5 12. Nxf5 Bxf5 13. Nd2 h5 14. Nf3 Be7 15. Rad1 {½-½ (38) Fressinet,L (2662)-Kasimdzhanov,R (2683) Riadh 2017}) 7... cxd4 8. cxd4 Nge7 9. O-O {LiveBook: 3 Partien. Die Stellung ist ausgeglichen.} Bg6 10. Nb3 Nf5 11. h3 $146 ({Vorgänger:} 11. Bd2 Be7 12. g4 Nh4 13. Nxh4 Bxh4 14. f4 Be4 {½-½ (60) Styazhkina,A (2246)-Belenkaya,D (2287) St Petersburg 2016}) 11... h5 12. g4 (12. Bg5 $14 {behält die Oberhand.} Qb6 13. Rc1) 12... hxg4 $17 13. hxg4 Nh6 14. Nh2 Qh4 15. Bf4 f5 16. exf6 {[#]} Qxf6 ({Günstiger ist} 16... Nf7 $1 $17 {Weiss muss nun ...Ld6 beachten.} 17. fxg7 Bxg7) 17. Qd2 {Droht stark g5.} Nf7 18. g5 Qd8 19. Bg4 Be7 20. Rfe1 Bf5 $2 {[%mdl 8192]} (20... e5 $1 $11 {und Schwarz ist OK.} 21. dxe5 Bb4) 21. Bxf5 $18 exf5 22. Nc5 Qb6 (22... O-O $142) 23. g6 (23. Qe3 $142) 23... Nfd8 $2 (23... Nfe5) 24. Bd6 {Weiß steht klar auf Gewinn.} Rh4 25. Qg5 {[%cal Re1e7]} Re4 26. Qxf5 Qxb2 27. Nxe4 {[#] jetzt Sc5 und aus.} dxe4 28. Qxe4 {Precision: Weiß = 52%, Schwarz = 19%.} 1-0

[Event "11th Arad Open 2018"]
[Site "Arad"]
[Date "2018.08.06"]
[Round "2"]
[White "Tiba, Vladyslav"]
[Black "Coca, Cristi-Iulian"]
[Result "1/2-1/2"]
[WhiteElo "2356"]
[BlackElo "2024"]
[Annotator "TA"]
[PlyCount "130"]
[EventDate "2018.08.05"]
[EventType "swiss"]
[EventCountry "ROU"]
[SourceTitle "playchess.com"]
[Source "ChessBase"]
[SourceQuality "1"]

{[%evp 19,130,17,55,46,45,37,45,52,53,11,105,81,86,14,18,12,12,12,12,10,22,-5,-19,-21,-25,-21,-29,-34,8,10,26,25,29,0,25,0,8,0,0,0,0,-23,-20,-30,0,0,0,-8,0,0,0,-45,-29,-29,-29,-59,0,0,0,0,0,-11,0,-4,-6,-14,-14,-31,0,-52,0,-49,-13,-10,0,0,0,0,0,0,0,0,13,12,12,13,13,13,19,19,19,19,19,0,19,0,19,0,19,0,20,0,6,6,19,0,0,0,0,0,0,0,0]} 1. e4 c5 2. Nf3 e6 3. d4 cxd4 4. Nxd4 a6 5. Nc3 Qc7 6. Be2 b5 7. O-O Bb7 8. Re1 Nc6 9. Nxc6 dxc6 10. e5 Bb4 {LiveBook: 28 Games. B43: Sicilian: Kan Variation: 5 Nc3} 11. a4 Ne7 12. Qd4 $146 ({Predecessor:} 12. Bd2 Bxc3 13. Bxc3 O-O 14. Qd6 Qxd6 15. exd6 Nd5 16. Ba5 Bc8 17. Bf3 Bd7 18. b3 {½-½ (77) Minasian,A (2584)-Predojevic,B (2509) Mallorca 2004}) 12... Ba5 {White is slightly better.} 13. Qg4 Ng6 14. Bd3 Rd8 (14... O-O $11) 15. Bg5 (15. axb5 $6 cxb5 16. Qg3 Bb6 $11) 15... Rd7 16. Qh5 ({Reject} 16. axb5 $6 cxb5 17. Bd2 Bb6 $15) (16. Be3 $16) 16... Bxc3 17. bxc3 {next Bxg6 is good for White.} Rd5 $1 18. Bxg6 fxg6 19. Qg4 Qd7 20. Qh4 O-O 21. Be7 Rf5 {[#] aiming for ...Rh5.} 22. Bd6 h6 23. f3 c5 24. axb5 axb5 25. Qf2 Qc6 26. Rad1 Kh7 27. Rd3 c4 28. Rxd5 Qxd5 29. Qd4 (29. Kf1 {feels hotter.} Kg8 30. h3 g5 31. Ke2 h5 32. Qg3) 29... g5 30. Qxd5 (30. h3 {is more complex.} h5 31. Rf1 g4 32. hxg4 hxg4 33. Qxg4 Qd2 34. Qh4+) 30... Bxd5 $11 {[%mdl 4096] Endgame KRB-KRB} 31. Ra1 Rf7 32. Ra5 Rb7 33. Kf2 Kg6 34. h3 h5 35. Ke3 g4 36. hxg4 hxg4 37. Ra1 Kf5 ({Black should try} 37... Rd7 $15) 38. Rh1 gxf3 39. gxf3 Ra7 40. Rh8 Ra2 41. Rf8+ Kg6 42. Kd2 Ra1 43. f4 Ra8 44. Bb8 (44. Ke3 $11) 44... Ra1 (44... Be4 $15) 45. Ke3 Rc1 46. Kd4 {The position is equal.} Rf1 47. Bd6 Rf3 48. Bb4 Rf1 49. Kc5 Rf3 50. Kxb5 Rf1 51. Kc5 Rf3 52. Kd6 Rf1 53. Bc5 Rf3 54. Bd4 Rf1 55. Ke7 Rf3 56. Kd6 Rf1 57. Bc5 Rf3 58. Bb4 Rf1 59. Ke7 Rf2 60. Rf7 Rf1 61. Kf8 Rf3 62. Kg8 Kh5 63. Rxg7 Rxf4 64. Be7 Rg4 65. Rxg4 Kxg4 {Precision: White = 53%, Black = 57%.} 1/2-1/2

[Event "11th Arad Open 2018"]
[Site "Arad"]
[Date "2018.08.06"]
[Round "2"]
[White "Balla, Tamas-Kristof"]
[Black "Olariu, Luca-Stefan"]
[Result "0-1"]
[WhiteElo "2352"]
[BlackElo "2019"]
[Annotator "TA"]
[PlyCount "84"]
[EventDate "2018.08.05"]
[EventType "swiss"]
[EventCountry "ROU"]
[SourceTitle "playchess.com"]
[Source "ChessBase"]
[SourceQuality "1"]

{[%evp 21,84,14,14,0,0,0,0,-27,29,32,23,31,43,37,47,-19,-19,-23,-24,-16,-16,-22,-36,-63,0,0,0,0,0,0,8,-63,-45,-51,-23,-62,-62,-67,-46,-55,-56,-112,-25,-26,0,0,0,0,0,0,0,-14,-14,-14,-5,-7,-7,-7,-8,-8,-7,-23,-17,-956,-935]} 1. e4 c5 2. Nf3 Nc6 3. d3 g6 4. g3 Bg7 5. Bg2 d6 6. O-O e5 7. c3 Nge7 8. a3 a5 9. a4 d5 10. Qe2 O-O 11. Na3 {C00: Französische Verteidigung (Seltene Züge)} h6 {LiveBook: 3 Partien} 12. Nd2 (12. exd5 Nxd5 13. Nd2 b6 {½-½ (26) Ivanchuk,V (2710)-Harikrishna,P (2753) Huaian 2016}) 12... Be6 13. f4 {Die Stellung ist ausgeglichen.} Qd7 14. Nf3 $146 ({Vorgänger:} 14. exd5 Bxd5 15. Ne4 Bxe4 16. dxe4 exf4 17. gxf4 b6 18. Nc4 Rab8 19. f5 {1-0 (45) Roth,J (2305)-Hertzog,P (2320) Moeglingen 1989}) 14... Rfe8 ({Günstiger ist} 14... exf4 15. Bxf4 g5) 15. exd5 $11 Nxd5 16. fxe5 Bg4 {[%cal Rc6e5]} 17. Nc4 Rad8 18. Qf2 (18. Re1 $14) 18... Bxf3 $1 19. Bxf3 Nxe5 20. Nxe5 Rxe5 21. Bd2 b6 22. Kh1 Rde8 (22... Nf6 $15) 23. d4 cxd4 24. Qxd4 Qe6 25. Qf2 Ne3 26. Rfe1 (26. Bxe3 $11 Rxe3 27. Rad1) 26... Ng4 27. Qf1 Qf5 28. Rxe5 Nxe5 29. Bg2 Qc2 30. Qb5 Re6 31. Bf4 (31. Be3 $15) 31... Ng4 (31... Nd3 $17 {Und ...Te2 würde nun gewinnen.} 32. Rf1 Re2) 32. Rc1 Qf2 33. Rf1 Re1 34. Rxe1 Qxe1+ 35. Qf1 Qe6 $40 {[%mdl 128] Schwarz startet einen Angriff.} 36. Bf3 Ne5 37. Bxe5 Qxe5 38. Qd3 Bf8 39. Bd5 {[#] Droht stark Dxg6+.} Kg7 40. Kg2 Bc5 41. Qc4 Qe1 42. Qf4 $2 {[%mdl 8192]} (42. h4 $11) 42... Qe2+ {Precision: Weiß = 40%, Schwarz = 52%.} 0-1

[Event "11th Arad Open 2018"]
[Site "Arad"]
[Date "2018.08.06"]
[Round "2"]
[White "Ileana, George"]
[Black "Leszko, Bence"]
[Result "1-0"]
[WhiteElo "2324"]
[BlackElo "2011"]
[Annotator "TA"]
[PlyCount "43"]
[EventDate "2018.08.05"]
[EventType "swiss"]
[EventCountry "ROU"]
[SourceTitle "playchess.com"]
[Source "ChessBase"]
[SourceQuality "1"]

{[%evp 20,43,22,19,21,0,0,0,11,5,9,0,10,0,0,-8,10,32,94,100,417,404,29991,29992,29993,29994]} 1. e4 e6 2. d4 d5 3. Nd2 c5 4. exd5 Qxd5 5. Ngf3 cxd4 6. Bc4 Qd7 {C07: French Tarrasch: 3...c5, 4 Ngf3 and 4 exd5 Qxd5} (6... Qd6 7. O-O Nf6 8. Nb3 Nc6 9. Nbxd4 Nxd4 10. Nxd4 a6 11. Re1 Qc7 12. Qe2 Bc5 13. c3 O-O 14. Bg5 b5 15. Bd3 Nd5 16. Qh5 g6 17. Qh4 Bb7 18. a4 bxa4 19. Rxa4 Rfe8 20. Nf3 {1-0 (29) Wei,Y (2729)-So,W (2780) chess.com INT 2018}) 7. O-O Nc6 8. Nb3 a6 9. Nbxd4 Nxd4 10. Nxd4 Qc7 11. Bb3 {LiveBook: 43 Games} Bd6 12. h3 Ne7 13. Qf3 Bd7 $146 ({Predecessor:} 13... O-O 14. Rd1 {½-½ (50) Asgarizadeh,A (2423)-Rastbod,A (2296) Khomeyn 2017}) 14. c3 Nc6 15. Be3 {[%cal Bc1e3,Be3f4,Bf4e5][%mdl 32]} O-O 16. Rad1 {[%cal Ba1d1,Bd1d4,Bd4g4,Bg4g6][%mdl 32]} Nxd4 17. Rxd4 Bc6 18. Qh5 {aiming for Rh4.} Be7 ({Black should play} 18... g6 $1 $14 19. Qh6 Be7) 19. Bf4 $16 Qb6 $2 {[%mdl 8192] [#]} (19... g6 $16 {is tougher.} 20. Qxh7+ (20. Bxc7 gxh5 21. Rfd1 Rac8 $14) 20... Kxh7 21. Bxc7 Bf6) 20. Be5 $1 $18 {Threatening mate with Rg4.} Rfd8 (20... Be8 $18) 21. Rg4 g6 {[#]} 22. Rxg6+ $1 {[%mdl 512] Precision: White = 54%, Black = 34%.} 1-0